000 00863nam0a22002531 4500
001 rc\958843
005 20250622055837.0
035 _a(NLR Aleph) 006129328
090 _a5544522
_c5544522
100 _a20041129d1982 |||y0rusy50 ca
101 0 _arus
102 _aRU
105 _aa |||||||||
200 1 _aТехника и технология керамического производства Средней Азии в историческом развитии
210 _aМ.
_cНаука
_d1982
215 _a212 с.
_cил.
_d21
300 _aВ надзаг.: АН СССР, Ин-т археологии
320 _aБиблиогр. в примеч.: с. 199-210
700 1 _aСайко
_bЭ.В.
_gЭди Викторовна
801 0 _aRU
_bNLR
_gpsbo
801 1 _aRU
_bELAR
_2rusmarc
852 _aNLR
_j82-5/3111
942 _cBOOK
980 _aNB